| 000 | 00444nam a2200169Ia 4500 | ||
|---|---|---|---|
| 003 | LK-CoDNM | ||
| 008 | 010623t1957 xxu||||| |||| 00| 1 eng d | ||
| 040 |
_aLK-CoDNM _dLK-CoDNM _eLK-CoDNM |
||
| 041 | _aeng | ||
| 080 |
_a392.3 _bWIL |
||
| 100 | _aWilson, Monica | ||
| 245 | _aRituals of kinship among the Nyakyusa | ||
| 260 |
_bInternational African institute _aLondon _c1957 |
||
| 300 | _b(xi)278, 22 cm | ||
| 650 | _aCulture | ||
| 942 | _cBK | ||
| 999 |
_c104415 _d104415 |
||